书目信息 |
| 题名: |
水土保持与荒漠化防治专业实验指导
|
|
| 作者: | 张永涛 , 董智 主编 | |
| 分册: | ||
| 出版信息: | 北京 科学出版社 2016 |
|
| 页数: | 152页 | |
| 开本: | 26cm | |
| 丛书名: | ||
| 单 册: | ||
| 中图分类: | S157 , F301.24 | |
| 科图分类: | ||
| 主题词: | 水土保持--教材 , 土地沙漠化--防治--教材 | |
| 电子资源: | ||
| ISBN: | 978-7-03-048759-9 | |
| 000 | 00951nam0 2200265 450 | |
| 001 | 349 | |
| 005 | 20180922083246.45 | |
| 010 | @a978-7-03-048759-9@dCNY39.80 | |
| 100 | @a20160826d2016 em y0chiy50 ea | |
| 101 | 0 | @achi |
| 102 | @aCN@b110000 | |
| 105 | @ay z 000yy | |
| 200 | 1 | @a水土保持与荒漠化防治专业实验指导@9shui tu bao chi yu huang mo hua fang zhi zhuan ye shi yan zhi dao@f张永涛, 董智主编 |
| 210 | @a北京@c科学出版社@d2016 | |
| 215 | @a152页@d26cm | |
| 300 | @a普通高等教育“十二五”规划教材 | |
| 330 | @a本书循着水土流失的影响因子这条主线,对本科实验教学中常见的可操作性强的实验进行分类,分为气象因子类实验、植物因子类实验、土壤因子类实验、水文因子类实验、综合因子类实验。 | |
| 606 | 0 | @a水土保持@j教材 |
| 606 | 0 | @a土地沙漠化@x防治@j教材 |
| 690 | @aS157@v5 | |
| 690 | @aF301.24@v5 | |
| 701 | 0 | @a张永涛@9zhang yong tao@4主编 |
| 701 | 0 | @a董智@9dong zhi@4主编 |
| 801 | 0 | @aCN@b91MARC@c20160826 |
| 905 | @aMuseLib@dS157@e90 | |
| 水土保持与荒漠化防治专业实验指导/张永涛, 董智主编.-北京:科学出版社,2016 |
| 152页;26cm |
| 普通高等教育“十二五”规划教材 |
| ISBN 978-7-03-048759-9:CNY39.80 |
| 本书循着水土流失的影响因子这条主线,对本科实验教学中常见的可操作性强的实验进行分类,分为气象因子类实验、植物因子类实验、土壤因子类实验、水文因子类实验、综合因子类实验。 |
| ● |
| 相关链接 |
|
|
|
|
正题名:水土保持与荒漠化防治专业实验指导
索取号:S157/90
 
预约/预借
| 序号 | 登录号 | 条形码 | 馆藏地/架位号 | 状态 | 备注 |
| 1 | 1119464 | 211194642 | 第二样本阅览室/ [索取号:S157/90] | 在馆 | |
| 2 | 1119465 | 211194651 | 第三借阅区/ [索取号:S157/90] | 在馆 | |
| 3 | 1119466 | 211194660 | 第三借阅区/ [索取号:S157/90] | 在馆 | |
| 4 | 1119467 | 211194679 | 第三借阅区/ [索取号:S157/90] | 在馆 | |
| 5 | 1119468 | 211194688 | 密集书库-资源管理系/ [索取号:S157/90] | 在馆 |